| 000 | 00848nam a2200193 4500 | ||
|---|---|---|---|
| 001 | 126421 | ||
| 003 | ES-MaACL | ||
| 005 | 20230906192822.0 | ||
| 007 | t| | ||
| 008 | 070214s1952 mx r ||||1| spa d | ||
| 245 | 0 | 0 |
_aRecordación de Cajal : _b[homenaje a Cajal en el primer centenario de su nacimiento] / _cparticipan Joaquín D'Harcourt, Luis Garrido, I. Costero, Dionisio Nieto, Manuel Martínez Báez, M. Márquez, Tomás G. Perrin, Arturo Rosenblueth, J. Puche, Julio Bejarano y Germán Somolinos. |
| 260 |
_aMéxico : _b[s.n.], _c1952. |
||
| 300 |
_a73 p. , 2 lám. ; _c25 cm. |
||
| 595 | _aSeparata de: Cuadernos americanos, n. 4, jul.-ag. de 1952. | ||
| 600 | 1 | 4 |
_aRamón y Cajal, Santiago, _d1852-1934- _vHomenajes _995230 |
| 700 | 1 |
_aHarcourt, Joaquín D'. _961805 |
|
| 852 |
_aES-MaACL _j1941-F-23 |
||
| 999 |
_c126421 _d126421 |
||